Top 5 European Leagues Top Clean Sheets: 2009/10 - Statistics

General Stats
  • This quiz has been taken 2 times
  • The average score is 11 of 27
Answer Stats
League Clean Sheets Club Nationality Player % Correct
Ligue 1 16 Lyon France Hugo Lloris
100%
La Liga 15 Real Madrid Spain Iker Casillas
100%
Bundesliga 15 Schalke Germany Manuel Neuer
100%
Premier League 17 Spain Liverpool Pepe Reina
100%
Premier League 17 Chelsea Czechia Petr Cech
100%
Bundesliga 10 Bayer Levekusen Germany Rene Adler
100%
Bundesliga 11 Borussia Dortmund Germany Roman Weidenfeller
100%
La Liga 20 Barcelona Spain Victor Valdes
100%
Premier League 15 Aston Villa USA Brad Friedel
50%
Bundesliga 10 Hamburg Germany Frank Rost
50%
Serie A 11 Bari Belgium Jean-Francois Gillet
50%
Ligue 1 15 Monaco France Stephane Ruffier
50%
Ligue 1 14 Marseille France Steve Mandanda
50%
Bundesliga 12 Werder Bremen Germany Tim Wiese
50%
La Liga 14 Valencia Spain Cesar Sanchez
0%
La Liga 14 Coruna Spain Daniel Aranzubia
0%
La Liga 12 Mallorca Israel Dudu Aouate
0%
Bundesliga 12 Koln Colombia Faryd Mondragon
0%
Serie A 11 Cagliari Italy Federico Marchetti
0%
Ligue 1 14 Montpellier France Geoffrey Jourdren
0%
Bundesliga 10 Mainz Germany Heinz Muller
0%
Premier League 13 Tottenham Brazil Heurelho Gomes
0%
Serie A 17 Inter Brazil Julio Caesar
0%
Serie A 11 Catania Argetnina Mariano Andujar
0%
Serie A 15 Napoli Italy Morgan De Sanctis
0%
Ligue 1 17 Auxerre France Olivier Sorin
0%
Premier League 13 Blackburn England Paul Robinson
0%
No matching quizzes found
Score Distribution
Percent of People with Each Score
Percentile by Number Answered
Your Score History
You have not taken this quiz